|
|
|
|
| LEADER |
00873Cam#a22002895a#4500 |
| 001 |
027912 |
| 003 |
AR-BeUNQ |
| 005 |
20211123092304.0 |
| 008 |
150805s1985||||ag # ### #000|0#spa#d |
| 999 |
|
|
|c 25286
|d 100673
|
| 020 |
|
|
|a 8476342004
|
| 040 |
|
|
|a AR-BeUNQ
|b spa
|e aacr
|
| 041 |
1 |
|
|a pa
|
| 044 |
|
|
|a ag
|
| 082 |
0 |
4 |
|a 658
|2 21
|
| 100 |
1 |
|
|a Marzal, Antonio.
|
| 245 |
0 |
2 |
|a Análisis político de la empresa /
|c Antonio Marzal.
|
| 260 |
|
|
|a Buenos Aires :
|b Orbis :
|c 1985.
|
| 300 |
|
|
|a 179 p. ;
|c 22 cm.
|
| 490 |
1 |
|
|a Biblioteca de la empresa ;
|
| 650 |
|
7 |
|a Empresas
|2 spines
|
| 650 |
|
7 |
|a Modelos económicos
|2 spines
|
| 650 |
|
7 |
|a Organizaciones empresariales
|2 spines
|
| 650 |
|
7 |
|a Análisis comparativo
|2 spines
|
| 830 |
|
0 |
|a Biblioteca de la empresa (Hyspamerica).
|n 17
|
| 929 |
|
|
|a DONACION
|b Noelia Amaya
|d 300
|e 20141105
|f PAT0056007
|g 2688
|j 53389
|
| 942 |
|
|
|c LIB
|n 0
|